Disha's zoology for PMTs / (Record no. 9498)

MARC details
000 -LEADER
fixed length control field 00648 a2200205 4500
010 ## - LIBRARY OF CONGRESS CONTROL NUMBER
LC control number ENG-88934
020 ## - INTERNATIONAL STANDARD BOOK NUMBER
Terms of availability 335.00
035 ## - SYSTEM CONTROL NUMBER
System control number EN-72467
037 ## - SOURCE OF ACQUISITION
Source of stock number/acquisition DBAD / PUB
082 14 - DEWEY DECIMAL CLASSIFICATION NUMBER
Classification number 591
090 ## - LOCALLY ASSIGNED LC-TYPE CALL NUMBER (OCLC); LOCAL CALL NUMBER (OCLC)
-- 9674
-- 9674
100 1# - MAIN ENTRY--PERSONAL NAME
Personal name Narang, Ramesh C.
245 1# - TITLE STATEMENT
Title Disha's zoology for PMTs /
Statement of responsibility, etc by Ramesh C. Gupta
250 ## - EDITION STATEMENT
Edition statement 4th ed.
260 ## - PUBLICATION, DISTRIBUTION, ETC. (IMPRINT)
Place of publication, distribution, etc New Delhi
Name of publisher, distributor, etc Disha Publications
Date of publication, distribution, etc 2008
270 ## - ADDRESS
Address B-32, Basemant, Shivalik Main Road, Malviya Nagar,
State or province New Delhi
Postal code 110 017
300 ## - PHYSICAL DESCRIPTION
Extent 868p.;
Dimensions 25 cm (pbk)
942 ## - ADDED ENTRY ELEMENTS (KOHA)
Institution code [OBSOLETE] dpl
Koha item type English Books
Call number prefix 591 / NAR
Holdings
Withdrawn status Lost status Source of classification or shelving scheme Damaged status Not for loan Collection code Home library Current library Source of acquisition Cost, normal purchase price Total Checkouts Full call number Barcode Date last seen Copy number Uniform Resource Identifier Cost, replacement price Price effective from Koha item type
    Dewey Decimal Classification   Not For Loan Non-fiction D.B.Act.Division D.B.Act.Division DBAD/PUB 335.00   591 Nar EN-72467 15/09/2008 1 10879 335.00 15/09/2008 English Books

© Delhi Public Library
Hit Counter
free hit counter